| 000 | 00844cam a22002777a 4500 | ||
|---|---|---|---|
| 003 | CHAP | ||
| 005 | 20220329140548.0 | ||
| 008 | 971013s1969 r 00010 d | ||
| 010 | _a53969 | ||
| 011 | _a54941 | ||
| 035 | _a59093 | ||
| 040 | _cCHAP | ||
| 090 | _aFolleto 9829 | ||
| 100 | 0 | 0 |
_aSeino, Heizo. _9103757 |
| 245 | 1 | 4 | _aLos problemas existentes para el mejoramiento del cultivo de manzanas |
| 260 |
_a(Tokio) : _bOverseas Technical Cooperation Agency, _c1969 |
||
| 300 |
_a52 p. _b: ilus. |
||
| 490 | 0 |
_aTechnical manual series _v; 3 |
|
| 590 |
_aBATCH-UPD _b10 _c20130110 _lUCH01 _h0729 |
||
| 590 |
_aCONVERSION _b10 _c20130109 _lUCH01 _h1329 |
||
| 650 | 1 | 4 |
_aManzana _xPoda. _970793 |
| 830 | 0 |
_aTechnical manual series _v; 3 _9111891 |
|
| 901 | _aBK | ||
| 942 | _cFOLL | ||
| 949 |
_aFolleto 9829 _bBC _cLIBRO _d-127914 _eTS1 _i59093 _si |
||
| 999 |
_c53969 _d53969 |
||